Amerikaanse Steden Kaart Quiz - Statistieken

Algemene statistieken
  • Deze quiz is 3.114 keer genomen
  • De gemiddelde score is 16 van 34
Antwoorden op de kaart
Antwoorden kleurgecodeerd door een groen-rode schaal op de quizkaart volgens % correct hieronder.
 
Antwoordstatistieken
Antwoord % Correct
Los Angeles
73%
Miami
73%
Las Vegas
72%
New York
70%
San Francisco
68%
Seattle
67%
San Diego
62%
Houston
60%
Washington D.C.
55%
Boston
54%
Chicago
54%
El Paso
53%
Tampa
52%
Portland
51%
New Orleans
50%
Phoenix
50%
Dallas
49%
Atlanta
48%
Detroit
42%
Denver
40%
Indianapolis
40%
Philadelphia
40%
Charlotte
37%
Minneapolis
35%
Nashville
34%
Boise
32%
Memphis
32%
Pittsburgh
32%
Cleveland
31%
Milwaukee
30%
Birmingham
28%
Cincinnati
28%
St. Louis
26%
Omaha
25%
Geen overeenkomende quizzen gevonden
Scoreverdeling
Procent van Mensen met Elke Score
Percentiel versus Aantal Correcte Antwoorden
Uw Scoregeschiedenis
U heeft deze quiz nog niet genomen